000 00591nam a2200157 a 4500
008 091204s2000 ||||||||||||||||| || u
050 _aPAPERS/STAFF
100 _aChelemu, Gertrude
245 1 0 _aReport on the 66th IFLA General Conference Jerusalem.
260 _aKitwe
_bCopperbelt University Library
_c2000
350 _a0.00
650 _aINFORMATION
650 _aMANAGING INFORMATION
650 _aINFORMATION ECONOMY
995 _D0.00
_FCBU-MAIN LIBRARY (Kitwe)
_H1
_I0.00
_M1
_UAVAILABLE
_WDec 4, 2009
_ZUniversity Collection
999 _c56200
_d56200